Electronic government : (رقم التسجيلة. 32070)

تفاصيل مارك
000 -الفاتح
حقل البيانات ثابتة الطول 01745cam a22003975a 4500
001 - رقم الضبط
رقم الضبط 16321850
003 - محدد رقم الضبط
رقم الضبط OSt
005 - وقت وتاريخ اخر تعامل مع التسجيلة
رقم الضبط 20150408114151.0
008 - عناصر البيانات ثابتة الطول - معلومات عامة
حقل البيانات ثابتة الطول 100708s2010 gw a b 101 0 eng d
010 ## - رقم ضبط مكتبة الكونجرس
رقم ضبط مكتبة الكونجرس 2010932132
020 ## - الرقم الدولى المعيارى للكتب
الرقم الدولى المعيارى للكتاب 9783642147982
020 ## - الرقم الدولى المعيارى للكتب
الرقم الدولى المعيارى للكتاب 3642147984
035 ## - رقم ضبط النظام
رقم ضبط النظام (OCoLC)ocn648933509
040 ## - مصدر الفهرسة
وكالة الفهرسة الأصلية BTCTA
وكالة النسخ BTCTA
وكالة التعديل OHX
-- AZS
-- DLC
042 ## - رمز التحقق
رمز التحقق lccopycat
082 ## - رقم تصنيف ديوى العشرى
رقم الطبعة 22
رقم التصنيف 352.387
رقم المادة EGE
111 2# - المدخل الرئيسى - اسم مؤتمر
اسم المؤتمر أو اسم السلطة كمدخل EGOV 2010
تاريخ الاجتماع (2010 :
موقع المؤتمر Lausanne, Switzerland)
9 (RLIN) 39790
245 10 - بيان العنوان
العنوان Electronic government :
بقية العنوان 9trh IFIP WG 8.5 international conference, EGOV 2010, Lausanne, Switzerland, August 29-September 2, 2010 : proceedings /
بيان المسئوليه,etc Maria A. Wimmer ... [et al.] (eds.).
260 ## - PUBLICATION, DISTRIBUTION, ETC. (IMPRINT)
مكان الناشر او الموزع Berlin ;
-- New York :
اسم الناشر او الموزع Springer,
تاريخ النشر أو التوزيع 2010.
300 ## - الوصف المادى
التعداد xiv, 438 p. :
تفاصيل ماديه اخرى للوعاء ill. ;
أبعاد الوعاء 24 cm.
490 1# - بيان السلسلة
عنوان السلسلة Lecture notes in computer science,
الرقم الدولى المعيارى للدوريات 0302-9743 ;
رقم المجلد/ التعيين التسلسلي 6228
490 1# - بيان السلسلة
عنوان السلسلة LNCS sublibrary: SL 3-information systems and application, incl. Internet/Web and HCI
504 ## - تبصرة ببليوجرافية
تبصرة ببليوجرافية,الخ Includes bibliographical references and index.
530 ## - تبصرة أشكال مادية أخرى متاحة
اشكال ماديه اخرى متاحة للعنصر Also issued online.
650 #0 - المدخل الاضافى بالموضوع-مصطلح موضوعى
مصطلح موضوعي أو اسم جغرافي كعنصر مدخل Internet in public administration
التقسيم الفرعي الشكلي Congresses.
9 (RLIN) 39791
650 #0 - المدخل الاضافى بالموضوع-مصطلح موضوعى
مصطلح موضوعي أو اسم جغرافي كعنصر مدخل Electronic government information
التقسيم الفرعي الشكلي Congresses.
9 (RLIN) 39792
700 1# - المدخل الاضافى - اسم شخصى
الإسم الشخصى Wimmer, Maria A.
9 (RLIN) 39793
830 #0 - المدخل الاضافى بالسلسلة -عنوان موحد
عنوان موحد Lecture notes in computer science ;
رقم المجلد/ التعيين التسلسلي 6228.
9 (RLIN) 39794
830 #0 - المدخل الاضافى بالسلسلة -عنوان موحد
عنوان موحد LNCS sublibrary.
رقم الجزء/قسم العمل SL 3
اسم جزء/قسم العمل Information systems and applications, incl. Internet/Web, and HCI.
9 (RLIN) 18783
856 42 - الوصول و الموقع الالكترونى
مواد محددة Publisher description
معرف المصدر الموحد <a href="http://www.loc.gov/catdir/enhancements/fy1305/2010932132-d.html">http://www.loc.gov/catdir/enhancements/fy1305/2010932132-d.html</a>
906 ## - عنصر بيانات محلى F, LDF (RLIN)
a 0
b ibc
c copycat
d 2
e ncip
f 20
g y-gencatlg
936 ## - OCLC/CONSER MISCELLANEOUS DATA (OCLC); المستخدمة للفهرسة باستخدام (pre-AACR2) (RLIN)
OCLC control number(s) of parallel record(s) (OCLC); Piece used for cataloging, PUC (RLIN) PR 671353632
942 ## - عناصر المدخل الإضافي( كوها)
مصدر التصنيف او مخطط الترفيف Dewey Decimal Classification
Koha [default] item type كتاب
المقتنيات
حالة الفقد نموذج السعر الفعال حالة تلف ليس للاعارة رقم الطلب تاريخ الاكتساب الموقع الحالي الباركود الفرع الرئيسي Date last checked out Date last seen نوع المادة فى نظام كوها مصدر التصنيف او خطة الترفيف Total Checkouts
  2013-11-14     352.387 EGE 2013-11-14 المكتبة المركزية بالمجمعة (CL) 00452282 المكتبة المركزية بالمجمعة (CL) 2022-04-21 2022-05-08 كتاب Dewey Decimal Classification 1
  2013-11-14     352.387 EGE 2013-11-14 المكتبة المركزية بالمجمعة (CL) 00452283 المكتبة المركزية بالمجمعة (CL)   2013-11-14 كتاب Dewey Decimal Classification  
  2013-11-14     352.387 EGE 2013-11-14 المكتبة المركزية بالمجمعة (CL) 00452308 المكتبة المركزية بالمجمعة (CL)   2013-11-14 كتاب Dewey Decimal Classification  
  2013-11-14     352.387 EGE 2013-11-14 مكتبة مجمع الكليات بالزلفى - طلاب (SZM) 00452309 مكتبة مجمع الكليات بالزلفى - طلاب (SZM)   2013-11-14 كتاب Dewey Decimal Classification  
  2013-11-14     352.387 EGE 2013-11-14 مكتبة مجمع الكليات بالزلفى - طلاب (SZM) 00452310 مكتبة مجمع الكليات بالزلفى - طلاب (SZM)   2013-11-14 كتاب Dewey Decimal Classification  
  2013-11-14     352.387 EGE 2013-11-14 مكتبة مجمع الكليات بالزلفى - طلاب (SZM) 00452311 مكتبة مجمع الكليات بالزلفى - طلاب (SZM)   2013-11-14 كتاب Dewey Decimal Classification